[Event "BCF-chT4 0506 (4NCL)"]
[Site "West Bromwich"]
[Date "2005.11.06"]
[Round "2.6"]
[White "Davies, Peter L"]
[Black "Fraser, Nicholas"]
[Result "1-0"]
[WhiteElo "1929"]
[BlackElo "1590"]
[PlyCount "49"]
[EventDate "2005.11.05"]
[EventType "team-tourn"]
[EventRounds "11"]
[EventCountry "ENG"]
[SourceTitle "CBM 109 Extra"]
[Source "ChessBase"]
[SourceDate "2006.01.03"]
[SourceVersion "2"]
[SourceVersionDate "2006.01.03"]
[SourceQuality "1"]
[WhiteTeam "Pontypridd"]
[BlackTeam "Sussex Mindsports"]
[WhiteTeamCountry "ENG"]
[BlackTeamCountry "ENG"]

1. c4 e5 2. Nc3 Nf6 3. g3 d6 4. Bg2 Nc6 5. d3 Be6 6. Nf3 d5 7. cxd5 Nxd5 8. Ng5 Bb4 9. 0-0 Nxc3 10. bxc3 Bxc3 11. Nxe6 fxe6 12. Rb1 Na5 13. e3 Qd6 14. Qc2 Bb4 15. Qa4+ Nc6 16. Bxc6+ Qxc6 17. Qxc6+ bxc6 18. Rxb4 0-0 19. Bb2 Rfd8 20. Bxe5 Rxd3 21. Rc1 Rf8 22. Rxc6 Rf5 23. Rb8+ Kf7 24. Rxc7+ Kg6 25. Rxg7+ 1-0

[Event "BCF-chT4a 0405 (4NCL)"]
[Site "Telford"]
[Date "2005.01.16"]
[Round "4.6"]
[White "Fraser, Nicholas"]
[Black "Varnam, Liam"]
[Result "0-1"]
[WhiteElo "1540"]
[BlackElo "2085"]
[PlyCount "48"]
[EventDate "2004.11.06"]
[EventType "team-tourn"]
[EventRounds "11"]
[EventCountry "ENG"]
[SourceTitle "EXT 2006"]
[Source "ChessBase"]
[SourceDate "2005.11.24"]
[SourceVersion "1"]
[SourceVersionDate "2005.11.24"]
[SourceQuality "1"]
[WhiteTeam "Sussex Mindsports"]
[BlackTeam "Slough Sharks II"]
[WhiteTeamCountry "ENG"]
[BlackTeamCountry "ENG"]

1. e4 e5 2. Nf3 Nc6 3. Bc4 Nf6 4. d3 Be7 5. Nc3 0-0 6. Be3 d6 7. Nd2 Ng4 8. Nd5 Nxe3 9. Nxe7+ Nxe7 10. fxe3 c6 11. Qf3 d5 12. Bb3 Be6 13. 0-0-0 a5 14. a3 a4 15. Ba2 dxe4 16. Qxe4 Bxa2 17. b3 axb3 18. cxb3 Qa5 19. Qb4 Qxa3+ 20. Qxa3 Rxa3 21. Kb2 Rfa8 22. Ra1 Nd5 23. Rhe1 Nb4 24. d4 Nd3+ 0-1